00213nam a2200085Ia 450000100070000000500170000700800410002424500400006526000220010583413220250826172428.0250824s9999 xx 000 0 und d 0aÇİLLİ BEGONYAcJULIANNE MOORE bBİLGE YAYINLARI